000 00508nam a22002177a 4500
003 UA-OsUOA
001 38947
007 ta
008 20060602b un ||||| |||| 00| 0 ukr d
100 _aНазарчук Дарина
090 _a32
_bН11
942 _cSA
040 _aUA-OsUOA
_bukr
_cUA-OsUOA
_dUA-OsUOA
245 _aЗгуртувалися навколо ідеї
300 _a3 с.
955 _a0
041 _aukr
080 _a32
773 0 _w38946
650 7 _a32 Політика
_2UDC
999 _c325101
_d325101